000 00660nam a2200229Ii 4500
003 JO-AjNU
005 20240623135233.0
008 230605s9999||||xx |||||||||||||| ||und||
040 _aJO-AjNU
_bara
_erda
_cJO-AjNU
041 _aara
050 1 4 _aD24.1993
100 3 _aاقتباس نحاس، أوديت,
_eauthor
_917970
245 0 0 _aاكبر كوارث القرن العشرين
250 _aط1
260 _aطرابلس :
_bجروس يرس ،
_c1993
300 _a188ص
336 _atext
_btxt
_2rdacontent
337 _aunmediated
_bn
_2rdamedia
338 _avolume
_bnc
_2rdacarrier
650 4 _aكوارث طبيعية
_917971
942 _2lcc
_cBK
999 _c9228
_d9228